LEADER 01575nam a2200301 u 4500 001 000000055277 003 CaOOAMICUS 005 20070226115751.0 008 010122s1966 it u000 u fre u 035 $a10865983 040 $aPUL(R)$bita 110 1 $aCosta d'Avorio.$0(OLS)http://pul/name/37874 240 10$aLeggi, ecc.$9(Costa d'Avorio).$0(OLS)http://pul/title/71370 245 14$aLes lois sur le nom, l'Etat civil et le Droit de famille dans la République de Côte d'Ivoire /$cpar Paul Dacoury. 260 $aMilano :$bA. Giuffrè,$c1966. 300 $a112 p. ;$c25 cm 490 1 $aUniversità degli Studi di Camerino. Istituto giuridico. Testi per esercitazioni. Sezione XI ;$v2 650 4$aFamiglia (diritto).$0(OLS)http://pul/subject/1842 700 1 $aDacoury, Paul.$0(OLS)http://pul/name/37875 830 0$aTesti per esercitazioni (Università degli studi di Camerino. Istituto giuridico).$nSezione XI ;$v3.$0(OLS)http://pul/title/64291 850 $aPUL 852 $aPUL$W1$xDP1 Fondo Ciprotti$y59$m1550 E 40$j72719$nBK-PRI$b $qFondi$B72719$CPULBib$Z2$F72719 $H $81 852 $aPUL$W1$xDP1 Fondo Ciprotti$y59$m1550 E 41$j72720$nBK-PRI$b $qFondi$B72720$CPULBib$Z2$F72720 $H $81 941 1 $a1 961 $aINV: Fondo Ciprotti 961 $aINV: Fondo Ciprotti 996 $6245$aLes lois sur le nom, l'Etat civil et le Droit de famille dans la République de Côte d'Ivoire$9(OLS)http://pul/title/74043 996 $6260$aMilano :$bA. Giuffrè$9(OLS)http://pul/publisher/48096 LEADER 01286nam a2200289 a 4500 001 000000169419 003 CaOOAMICUS 005 20180925092859.0 008 180925s1931 it u000 u ita r 032 $aLibriCat 040 $aPUL$bita 100 1 $aGuicciardini, Francesco,$d1483-1540.$0(OLS)http://pul/name/8125 245 10$aStorie fiorentine dal 1378 al 1509 /$cFrancesco Guicciardini ; a cura di Roberto Palmarocchi. 260 $aBari :$bG. Laterza & figli,$c1931. 300 $a441 p. ;$c22 cm. 490 1 $aScrittori d'Italia ;$v134 490 1 $aOpere ;$v06 651 4$aItalia$xStoria.$0(OLS)http://pul/subject/4417 700 1 $aPalmarocchi, Roberto,$d1887-$0(OLS)http://pul/name/13447 800 1 $aGuicciardini, Francesco,$d1483-1540.$tOpere ;$v06.$0(OLS)http://pul/nameTitle/861$0(OLS)http://pul/name/8125$0(OLS)http://pul/title/5258 830 0$aScrittori d'Italia ;$v134.$0(OLS)http://pul/title/335 850 $aPUL 852 $aPUL$W1$xDP1 Fondo Dalla Palma$y117$m9 E 29$j189225$qFondi$B197419$CPULBib$Z2$F197419 $HDal215 $81 941 1 $a1 996 $6245$aStorie fiorentine dal 1378 al 1509$9(OLS)http://pul/title/152903 996 $6260$aBari :$bG. Laterza & figli$9(OLS)http://pul/publisher/48969